<?xml version="1.0" encoding="UTF-8"?><?xml-stylesheet type="text/xsl" href="static/style.xsl"?><OAI-PMH xmlns="http://www.openarchives.org/OAI/2.0/" xmlns:xsi="http://www.w3.org/2001/XMLSchema-instance" xsi:schemaLocation="http://www.openarchives.org/OAI/2.0/ http://www.openarchives.org/OAI/2.0/OAI-PMH.xsd"><responseDate>2026-04-17T04:08:07Z</responseDate><request verb="GetRecord" identifier="oai:www.recercat.cat:10256/23499" metadataPrefix="marc">https://recercat.cat/oai/request</request><GetRecord><record><header><identifier>oai:recercat.cat:10256/23499</identifier><datestamp>2024-11-13T21:29:34Z</datestamp><setSpec>com_2072_452966</setSpec><setSpec>com_2072_2054</setSpec><setSpec>col_2072_452968</setSpec></header><metadata><record xmlns="http://www.loc.gov/MARC21/slim" xmlns:dcterms="http://purl.org/dc/terms/" xmlns:xsi="http://www.w3.org/2001/XMLSchema-instance" xmlns:doc="http://www.lyncode.com/xoai" xsi:schemaLocation="http://www.loc.gov/MARC21/slim http://www.loc.gov/standards/marcxml/schema/MARC21slim.xsd">
   <leader>00925njm 22002777a 4500</leader>
   <datafield ind2=" " ind1=" " tag="042">
      <subfield code="a">dc</subfield>
   </datafield>
   <datafield ind2=" " ind1=" " tag="720">
      <subfield code="a">Rigat Sala, Marta</subfield>
      <subfield code="e">author</subfield>
   </datafield>
   <datafield ind2=" " ind1=" " tag="260">
      <subfield code="c">2023</subfield>
   </datafield>
   <datafield ind2=" " ind1=" " tag="520">
      <subfield code="a">Introduction: A premature birth is one that occurs before thirty-seven weeks of&#xd;
gestation, and the earlier the labor that ends with the birth of the baby occurs, the&#xd;
more complications it will suffer. One of the main complications is insufficient fetal&#xd;
lung maturation to be able to properly adapt to extrauterine life. The administration of&#xd;
corticosteroids from the twenty-fourth week of pregnancy aims to improve the fetal&#xd;
morbidity and mortality caused by this pathology.&#xd;
&#xd;
Objective: To demonstrate the benefit of the administration of corticosteroids for the&#xd;
improvement of fetal lung maturation in premature infants from the twenty-fourth&#xd;
week of gestation.&#xd;
- specific objective: to demonstrate the effectiveness of this cesarean treatment&#xd;
at term.&#xd;
- specific objective: demonstrate efficacy at fetal, neonatal, infantile and adult&#xd;
levels.&#xd;
&#xd;
Methodology: The methodology of this work has been a bibliographic review of&#xd;
systematic reviews, meta-analysis, retrospective cohort study, cross-sectional study&#xd;
and narrative review of the last five PubMed, Cochrane and Science databases&#xd;
during the months of January and May of two thousand twenty three</subfield>
   </datafield>
   <datafield ind2=" " ind1=" " tag="520">
      <subfield code="a">Introducció: Un part prematur és aquell que es produeix abans de les trenta-set&#xd;
setmanes de gestació, i quan abans es produeix el treball de part el qual conclogui&#xd;
amb el naixement del nadó, més complicacions patirà aquest. Una de les principals&#xd;
complicacions és la maduració pulmonar fetal insuficient per a poder adaptar-se&#xd;
correctament a la vida extrauterina. L’administració de corticoesteroides a partir de la&#xd;
setmana vint-i-quatre de gestació té com a objectiu millorar la morbimortalitat fetal&#xd;
produïda per aquesta patologia.&#xd;
&#xd;
Objectius: Demostrar el benefici de l’administració de corticoesteroides per a la&#xd;
millora de la maduració pulmonar fetal en nadons prematurs a partir de la setmana&#xd;
vint-i-quatre de gestació.&#xd;
- objectiu específic: demostrar l’eficàcia d’aquest tractament cesària a terme.&#xd;
- objectiu específic: demostrar l’eficàcia a nivell fetal, neonatal, infantil i a edat&#xd;
adulta.&#xd;
&#xd;
Metodologia: La metodologia d’aquest treball ha estat una revisió bibliogràfica&#xd;
realitzada durant els mesos de gener i març de dos-mil vint-i-tres a les bases de&#xd;
dades PubMed, Cochrane i Science durant els mesos de gener i maig de dos mil&#xd;
vint-i-tres</subfield>
   </datafield>
   <datafield ind2=" " ind1=" " tag="520">
      <subfield code="a">3</subfield>
   </datafield>
   <datafield tag="653" ind2=" " ind1=" ">
      <subfield code="a">Infants prematurs</subfield>
   </datafield>
   <datafield tag="653" ind2=" " ind1=" ">
      <subfield code="a">Premature babies</subfield>
   </datafield>
   <datafield tag="653" ind2=" " ind1=" ">
      <subfield code="a">Corticosteroides</subfield>
   </datafield>
   <datafield tag="653" ind2=" " ind1=" ">
      <subfield code="a">Adrenocortical hormones</subfield>
   </datafield>
   <datafield tag="653" ind2=" " ind1=" ">
      <subfield code="a">Farmacologia respiratòria</subfield>
   </datafield>
   <datafield tag="653" ind2=" " ind1=" ">
      <subfield code="a">Pulmonary pharmacology</subfield>
   </datafield>
   <datafield tag="653" ind2=" " ind1=" ">
      <subfield code="a">Fetus -- Efecte dels medicaments</subfield>
   </datafield>
   <datafield tag="653" ind2=" " ind1=" ">
      <subfield code="a">Fetus -- Effect of drugs on</subfield>
   </datafield>
   <datafield ind2="0" ind1="0" tag="245">
      <subfield code="a">Benefici de l’ús de corticoesteroides en la maduració pulmonar fetal en pacients prematurs: projecte de recerca</subfield>
   </datafield>
</record></metadata></record></GetRecord></OAI-PMH>